When statute meets equity. (Record no. 60709)

MARC details
000 -LEADER
fixed length control field 00615cam a2200157 4500
001 - CONTROL NUMBER
control field ABS61023
008 - FIXED-LENGTH DATA ELEMENTS--GENERAL INFORMATION
fixed length control field 000000n1999 000 0 eng u
035 ## - SYSTEM CONTROL NUMBER
System control number (Sirsi) u101577
100 ## - MAIN ENTRY--PERSONAL NAME
Personal name Shea, C.
245 ## - TITLE STATEMENT
Title When statute meets equity.
260 ## - PUBLICATION, DISTRIBUTION, ETC.
Date of publication, distribution, etc. 1999
490 ## - SERIES STATEMENT
Series statement Property Week
Volume/sequential designation 64(30) 30 July 1999, 38(1)
520 ## - SUMMARY, ETC.
Summary, etc. Examines the CA decision in Yaxley v Gotts, the first case to test whether the Law of Property (Miscellaneous Provisions) Act 1989 s2 negates an oral conveyancing agreement that would otherwise be valid under proprietary estoppel.
690 ## - LOCAL SUBJECT ADDED ENTRY--TOPICAL TERM (OCLC, RLIN)
Topical term or geographic name as entry element PROPERTY LAW AND PRACTICE
942 ## - ADDED ENTRY ELEMENTS (KOHA)
Suppress in OPAC 0
Holdings
Withdrawn status Lost status Source of classification or shelving scheme Damaged status Not for loan Home library Current library Shelving location Date acquired Total Checkouts Full call number Barcode Date last seen Copy number Price effective from Koha item type
    Dewey Decimal Classification     London London Journal article 05/11/1999   ABS61023 101577-1001 06/08/2019 1 06/08/2019 Journal article